00363ntaaa2200133 45000030003000000050017000030080021000200400037000410820018000781000017000962450076001132500027001896500013002160120251027202438.00714s1973 ag 01  aAR-BaBNbspacAR-BaBNeaacrdRIC a266.0000 P346 aPayne, Will  aMissionary pioneering in Bolivia with some account of work in Argentina a1 ed. : bs.l., cn.f. aMisiones